Omosessualità maschile: un nuovo approccio (Record no. 211391)

MARC details
000 -LEADER
fixed length control field 01162nam a2200205Ia 4500
001 - CONTROL NUMBER
control field b5725-38775
003 - CONTROL NUMBER IDENTIFIER
control field IT-MiCISF
008 - FIXED-LENGTH DATA ELEMENTS--GENERAL INFORMATION
fixed length control field 161014s9999||||xx |||||||||||||| ||und||
040 ## - CATALOGING SOURCE
Original cataloging agency IT-MiCISF
Transcribing agency IT-MiCISF
041 ## - LANGUAGE CODE
Language code of text/sound track or separate title it
999 ## - SYSTEM CONTROL NUMBERS (KOHA)
Koha Dewey Subclass [OBSOLETE] si
100 ## - MAIN ENTRY--PERSONAL NAME
Personal name Nicolosi Joseph
245 #0 - TITLE STATEMENT
Title Omosessualità maschile: un nuovo approccio
250 ## - EDITION STATEMENT
Edition statement 1a ed.
260 ## - PUBLICATION, DISTRIBUTION, ETC. (IMPRINT)
Place of publication, distribution, etc. Milano
Name of publisher, distributor, etc. Sugarco
Date of publication, distribution, etc. 2002 [Edizione originale: 1997]
300 ## - PHYSICAL DESCRIPTION
Extent pp. 180
500 ## - GENERAL NOTE
General note / omosessualità, identità-sessuale, terapia, famiglia / Lo stimolo a pubblicare questo saggio americano sull'omosessualità maschile è stato dato dal tentativo di colmare una lacuna. Tra i numerosi testi disponibili in Italia sull'argomento, si evidenzia la scarsità di titoli autorevoli riferibili all'esperienza maturata dalla corrente degli psicoterapeuti che ritengono l'omosessualità una distorsione della personalità. Il loro approccio è basato sull'analisi delle dinamiche e relazioni familiari, e prevede una relazione importante con il terapeuta, la verbalizzazione e la psicoterapia personale e di gruppo.
650 ## - SUBJECT ADDED ENTRY--TOPICAL TERM
Topical term or geographic name as entry element Sessualità / sessualità
Relator term 005
942 ## - ADDED ENTRY ELEMENTS (KOHA)
Koha item type LIBRO
957 ## -
-- 1
999 ## - SYSTEM CONTROL NUMBERS (KOHA)
-- 1
Holdings
Withdrawn status Lost status Damaged status Not for loan Home library Current library Date acquired Total Checkouts Full call number Date last seen Price effective from Koha item type Public note
    Buone Condizioni Not For Loan CISF - Milano CISF - Milano 14/10/2016   b5725-38775 14/10/2016 14/10/2016 LIBRO Data import 15.10.2016 / by Epidotti, Vaglietti
CREDITS: SOCIETA' SAN PAOLO Via A.Severo, 58 - ROMA (RM) & PERIODICI SAN PAOLO SRL Via Giotto, 36 MILANO & CISF Via Giotto, 36 MILANO & EDIZIONI SAN PAOLO SRL,  Piazza Soncino, 5 CINISELLO BALSAMO (MI) -- ITALY